Návrh bio-inšpirovaných optimalizačných algoritmov

Gespeichert in:
Bibliographische Detailangaben
1. Verfasser: Czinege, Zoltán (Verfasst von)
Weitere Verfasser: Sekaj, Ivan (Betreuung Doktorarbeit)
Format: Manuskript Buch
Sprache:Slowakisch
Veröffentlicht: 2017
Schlagworte:
Online-Zugang:http://is.stuba.sk/zp/portal_zp.pl?podrobnosti=130939
Tags: Tag hinzufügen
Keine Tags, Fügen Sie das erste Tag hinzu!

MARC

LEADER 00000ntm a22000003a 4500
001 stuzp62457
003 SK-STU
005 20170626112715.9
007 ta
008 150427s2015----xo-----f-mn---000-0-slo-d
040 |a STU  |b slo 
041 0 |a slo 
044 |a xo 
100 1 |a Czinege, Zoltán  |u 031000  |4 aut  |U FEI Fakulta elektrotechniky a informatiky  |T FEI Ústav robotiky a kybernetiky  |X 8732  |U E011  |Y 356  |7 8732 
242 0 1 |a Implementation of bio-inspired optimization algorithms  |y eng 
245 1 0 |a Návrh bio-inšpirovaných optimalizačných algoritmov 
260 |c 2017 
300 |a 73 s.,  |b CD-ROM 
650 4 |a BFO  |2 slo 
650 4 |a reinicializácia  |2 slo 
650 4 |a medzibunkové prostredie  |2 slo 
650 4 |a bunka  |2 slo 
650 4 |a reinitialization  |2 eng 
650 4 |a intercellular environment  |2 eng 
650 4 |a cell  |2 eng 
650 4 |a BFO  |2 eng 
700 1 |a Sekaj, Ivan  |u 031000  |k Z1  |4 ths  |U FEI Fakulta elektrotechniky a informatiky  |T FEI Ústav robotiky a kybernetiky  |X 4946  |U E011  |Y 356  |7 A000004946 
856 4 |u http://is.stuba.sk/zp/portal_zp.pl?podrobnosti=130939 
996 |b 284EP11562  |c E*DIPL- 11562  |l EE31  |s P  |a 0  |w stuzp62457_0001